<?xml version="1.0" encoding="UTF-8"?>
<record
    xmlns:xsi="http://www.w3.org/2001/XMLSchema-instance"
    xsi:schemaLocation="http://www.loc.gov/MARC21/slim http://www.loc.gov/standards/marcxml/schema/MARC21slim.xsd"
    xmlns="http://www.loc.gov/MARC21/slim">

  <leader>00871nam a2200145   4500</leader>
  <controlfield tag="008">708 SE454e</controlfield>
  <datafield tag="082" ind1=" " ind2=" ">
    <subfield code="a">708</subfield>
    <subfield code="b">SE454e</subfield>
  </datafield>
  <datafield tag="100" ind1=" " ind2=" ">
    <subfield code="a">Museu Lasar Segall</subfield>
    <subfield code="9">7073</subfield>
  </datafield>
  <datafield tag="245" ind1=" " ind2=" ">
    <subfield code="a">Ensaio sobre a Cor</subfield>
  </datafield>
  <datafield tag="260" ind1=" " ind2=" ">
    <subfield code="a">S&#xE3;o Paulo</subfield>
    <subfield code="b">Museu Lasar Segall</subfield>
    <subfield code="c">2019</subfield>
  </datafield>
  <datafield tag="300" ind1=" " ind2=" ">
    <subfield code="a">15 p.</subfield>
    <subfield code="b">il (col)</subfield>
    <subfield code="c">25 x 19 cm</subfield>
  </datafield>
  <datafield tag="505" ind1=" " ind2=" ">
    <subfield code="t">Ang&#xFA;stia: a cor emo&#xE7;&#xE3;o / Anguis: the color of emotion</subfield>
    <subfield code="t">Introspec&#xE7;&#xE3;o: a "cor Segall" / introspection: The "Segall Color"</subfield>
    <subfield code="t">Fotos de exposi&#xE7;&#xE3;o / Photos of the Exhibition</subfield>
    <subfield code="t">Sob o signo dos tr&#xF3;picos: a paleta nacional / Under the Sign of the Tropics: the National Palette </subfield>
    <subfield code="t">Escultura Tr&#xEA;s Jovens / Three Youth Sculptures</subfield>
    <subfield code="t">Compaix&#xE1;o: a n&#xE3;o cor / Compassion: The Noncolor</subfield>
    <subfield code="t">Fotos e documentos / Photos and Documents</subfield>
  </datafield>
  <datafield tag="650" ind1=" " ind2=" ">
    <subfield code="x">arte contempor&#xE1;neo </subfield>
    <subfield code="x">arte - exhibiciones</subfield>
    <subfield code="x">arte - pintura</subfield>
    <subfield code="x">Brasil</subfield>
    <subfield code="x">Segall, Lasar </subfield>
    <subfield code="9">7074</subfield>
  </datafield>
  <datafield tag="700" ind1=" " ind2=" ">
    <subfield code="a">Milliet, Maria Alice (curadur&#xED;a)</subfield>
    <subfield code="9">7075</subfield>
  </datafield>
  <datafield tag="999" ind1=" " ind2=" ">
    <subfield code="c">1803</subfield>
    <subfield code="d">1803</subfield>
  </datafield>
  <datafield tag="952" ind1=" " ind2=" ">
    <subfield code="0">0</subfield>
    <subfield code="1">0</subfield>
    <subfield code="2">ddc</subfield>
    <subfield code="4">0</subfield>
    <subfield code="7">0</subfield>
    <subfield code="a">LV</subfield>
    <subfield code="b">LV</subfield>
    <subfield code="c">Monograf&#xED;as</subfield>
    <subfield code="d">2019-07-04</subfield>
    <subfield code="l">0</subfield>
    <subfield code="o">708 SE454e</subfield>
    <subfield code="p">004806</subfield>
    <subfield code="r">2019-07-04 00:00:00</subfield>
    <subfield code="w">2019-07-04</subfield>
    <subfield code="y">01</subfield>
  </datafield>
</record>
